Rising from the Ashes: (Record no. 207934)

MARC details
000 -LEADER
fixed length control field 00653nam a22001937a 4500
005 - DATE AND TIME OF LATEST TRANSACTION
control field 20241224123844.0
010 ## - LCCN (DPL NO)
LC control number ENG-142288
020 ## - INTERNATIONAL STANDARD BOOK NUMBER
Terms of availability 400.00
International Standard Book Number 9789393734938
035 ## - SYSTEM CONTROL NUMBER
System control number EN-125820
037 ## - SOURCE OF ACQUISITION
Source of stock number/acquisition Exceller Books
037 ## - SOURCE OF ACQUISITION
Source of stock number/acquisition DBAD
082 ## - DEWEY DECIMAL CLASSIFICATION NUMBER
Classification number 364.1680954
100 ## - MAIN ENTRY--PERSONAL NAME
Personal name Awaf, Abdul-Karim Mohammed
245 ## - TITLE STATEMENT
Title Rising from the Ashes:
Remainder of title A Fight Against Corruption/
Statement of responsibility, etc by Abdul-Karim Mohammed Awaf [and] Alidu (J-Aakia) Bayana
260 ## - PUBLICATION, DISTRIBUTION, ETC. (IMPRINT)
Place of publication, distribution, etc Kolkata
Name of publisher, distributor, etc Exceller Books
Date of publication, distribution, etc 2024
270 ## - ADDRESS
Address G1 Dream Apartment, Degree College Road
City Belgharia,Kolkata
300 ## - PHYSICAL DESCRIPTION
Extent 206p.
Dimensions 21cm(pb)
942 ## - ADDED ENTRY ELEMENTS (KOHA)
Source of classification or shelving scheme Dewey Decimal Classification
Item type English Books
Call number suffix AWA
Classification part 364.1680954
Holdings
Withdrawn status Lost status Not for loan Collection code Home library Current library Date acquired Source of acquisition Cost, normal purchase price Full call number Barcode Copy number Cost, replacement price Koha item type
      Non-fiction Central Library Central Library 24/12/2024 Delivery of Books Division 400.00 AWA 364.1680954 EN-125820 1 400.00 English Books

© Delhi Public Library
Hit Counter
free hit counter